Limnology (Record no. 7512)

MARC details
000 -LEADER
fixed length control field 00494nam a22001817a 4500
003 - CONTROL NUMBER IDENTIFIER
control field OSt
005 - DATE AND TIME OF LATEST TRANSACTION
control field 20211122142238.0
008 - FIXED-LENGTH DATA ELEMENTS--GENERAL INFORMATION
fixed length control field 211122b ||||| |||| 00| 0 eng d
020 ## - INTERNATIONAL STANDARD BOOK NUMBER
International Standard Book Number 978012744760
040 ## - CATALOGING SOURCE
Transcribing agency DDC
082 ## - DEWEY DECIMAL CLASSIFICATION NUMBER
Edition number 3rd.ed
Classification number 551.48WET2001
100 ## - MAIN ENTRY--PERSONAL NAME
Personal name Wetzel ,Robert G
9 (RLIN) 15379
245 ## - TITLE STATEMENT
Title Limnology
Remainder of title Lake and River Ecosystems
Statement of responsibility, etc. Wetzel ,Robert G
300 ## - PHYSICAL DESCRIPTION
Extent xvi,1006p;
Other physical details ill,
Dimensions 25cm
504 ## - BIBLIOGRAPHY, ETC. NOTE
Bibliography, etc Includes Reference, Appendix&Index
650 ## - SUBJECT ADDED ENTRY--TOPICAL TERM
Source of heading or term Geography
942 ## - ADDED ENTRY ELEMENTS (KOHA)
Source of classification or shelving scheme Dewey Decimal Classification
Koha item type Open Shelf
Holdings
Withdrawn status Lost status Source of classification or shelving scheme Damaged status Not for loan Home library Current library Date acquired Source of acquisition Inventory number Total Checkouts Full call number Barcode Date last seen Price effective from Koha item type
    Dewey Decimal Classification     MUST Main Library MUST Main Library 22/11/2021 Purchase 07/29102   551.48WET2001 2021-1801 22/11/2021 22/11/2021 Open Shelf